000 00721nam a2200289Ia 4500
005 20260324112701.0
008 008 260324s9999 xx 000 0 eng d
020 _a9781003432869
037 _aEBOOK
040 _aCRL
040 _beng
040 _cCRL
041 _2eng
041 _aeng
084 _qCRL
100 _aMandeep Kaur; Vishal Jain; Parma Nand; Nitin Rakesh
_91143722
245 0 _aSoftware-Defined Network Frameworks
245 0 _bSecurity Issues and Use Cases
260 _bTaylor and Francis
260 _c2024
365 _a
365 _b260
856 _uhttp://www.taylorfrancis.com/books/9781003432869
942 _cEBOOK
999 _c1733022
_d1733022